[Event "5th POL-HUN Open 2017"]
[Site "Katowice POL"]
[Date "2017.05.20"]
[Round "4.2"]
[White "Mastrovasilis,D"]
[Black "Lewicki,Mir"]
[Result "1-0"]
[WhiteElo "2580"]
[BlackElo "2326"]

1.e4 c5 2.Nf3 d6 3.d4 cxd4 4.Nxd4 Nf6 5.f3 e5 6.Nb3 Be6 7.c4 Qc7 8.Na3 a6
9.Be3 Be7 10.Be2 O-O 11.O-O Nc6 12.Rc1 Nd7 13.Qd2 f5 14.exf5 Rxf5 15.Nb1 a5
16.Nc3 a4 17.Nd5 Bxd5 18.Qxd5+ Kh8 19.Nd2 a3 20.Qd3 axb2 21.Rb1 Rff8 22.Rxb2
Nc5 23.Qb1 Nd4 24.Ne4 Nce6 25.Bd3 Ra7 26.Nc3 g6 27.Nd5 Qd7 28.Bh6 Rfa8 29.Nb6
Qd8 30.Nxa8 Qxa8 31.Be4 Nc5 32.Bd5 Qd8 33.Be3 Bg5 34.f4 Bf6 35.fxe5 Bxe5
36.Rbf2 Nd7 37.Qe4 Nf5 38.Bxa7 {#r} 1-0

[Event "5th POL-HUN Open 2017"]
[Site "Katowice POL"]
[Date "2017.05.20"]
[Round "4.3"]
[White "Przedmojski,R"]
[Black "Heberla,B"]
[Result "0-1"]
[WhiteElo "2355"]
[BlackElo "2580"]

1.d4 Nf6 2.c4 e6 3.Nf3 d5 4.g3 Bb4+ 5.Bd2 Bd6 6.Bg2 O-O 7.Qc2 c6 8.O-O Nbd7
9.b3 Ne4 10.Nc3 f5 11.a4 Nxd2 12.Nxd2 a5 13.e3 Kh8 14.Rfb1 Qe7 15.c5 Bc7
16.Na2 e5 17.b4 axb4 18.Nxb4 e4 19.Nb3 g5 20.a5 f4 21.a6 Nf6 22.axb7 Bxb7
23.Rxa8 Rxa8 24.Ra1 Rxa1+ 25.Nxa1 Qe8 26.Bh3 Qh5 27.Be6 Qf3 28.Qd2 Ba5 29.Nac2
fxe3 30.Nxe3 Ba6 31.Qa2 Bxb4 32.Qxa6 Be1 33.Qf1 Bd2 34.Nf5 e3 35.fxe3 {#R} 0-1

[Event "5th POL-HUN Open 2017"]
[Site "Katowice POL"]
[Date "2017.05.20"]
[Round "4.4"]
[White "Pakleza,Z"]
[Black "Cukrowski,F"]
[Result "1-0"]
[WhiteElo "2480"]
[BlackElo "2431"]

1.d4 Nf6 2.Bf4 g6 3.e3 Bg7 4.Nf3 O-O 5.Be2 d6 6.h3 Nfd7 7.O-O e5 8.Bh2 Nc6
9.c4 f5 10.Nc3 e4 11.Nd2 Nf6 12.Rc1 g5 13.a3 a5 14.Nb5 Na7 15.Qb3 Kh8 16.Rfd1
Be6 17.Nc3 Qd7 18.Qa4 Qxa4 19.Nxa4 Rac8 20.b4 axb4 21.axb4 d5 22.Nc5 Bg8
23.Nxb7 Rb8 24.Nc5 Rxb4 25.Bxc7 dxc4 26.Bd6 Rc8 27.Bxc4 Bxc4 28.Nxc4 Nb5
29.Nb6 Rc6 30.Nxe4 Rxc1 31.Rxc1 Nxd6 32.Nxd6 Bf8 33.Rc8 Kg8 34.Nbc4 Rb1+
35.Kh2 Rc1 36.Nxf5 Ne4 37.f3 Nd2 38.Ncd6 Rxc8 39.Nxc8 Kf7 40.e4 Ke6 41.Kg3 h5
42.h4 g4 43.Nb6 gxf3 44.gxf3 Ba3 45.Nd5 Nc4 46.Nf4+ Kf7 47.Nxh5 Bc1 48.Nf4
{#r} 1-0

[Event "5th POL-HUN Open 2017"]
[Site "Katowice POL"]
[Date "2017.05.20"]
[Round "4.5"]
[White "Barski,R"]
[Black "Mista,A"]
[Result "0-1"]
[WhiteElo "2412"]
[BlackElo "2606"]

1.e4 c5 2.Nf3 Nc6 3.d4 cxd4 4.Nxd4 g6 5.c4 Nf6 6.Nc3 d6 7.Be2 Nxd4 8.Qxd4 Bg7
9.Be3 O-O 10.Qd2 a5 11.O-O a4 12.Rac1 Qa5 13.f3 Be6 14.Rfd1 Rfc8 15.Nb5 Nd7
16.Nd4 Nc5 17.Bf1 Qxd2 18.Rxd2 Bd7 19.Rdc2 Na6 20.Rd2 Nb4 21.Ra1 Be6 22.Nxe6
fxe6 23.a3 Na6 24.Rb1 Nc5 25.Bxc5 Rxc5 26.b4 axb3 27.Rxb3 Ra7 28.Kf2 Rca5
29.Rdd3 Bh6 30.Rb5 Rxb5 31.cxb5 Bc1 32.Rc3 Bxa3 33.Rc7 Bc5+ 34.Kg3 Kf7 35.Kh3
Ra1 36.Be2 b6 37.f4 Re1 38.Bf3 Rb1 39.Rc8 Rxb5 40.Rh8 h5 41.Rh7+ Kf8 42.e5
dxe5 43.Kh4 Kg8 44.Rh6 Bf2+ 45.Kg5 e4+ {#R} 0-1

[Event "5th POL-HUN Open 2017"]
[Site "Katowice POL"]
[Date "2017.05.20"]
[Round "4.6"]
[White "Kucza,Karol"]
[Black "Klekowski,M"]
[Result "0-1"]
[WhiteElo "2278"]
[BlackElo "2473"]

1.e4 c5 2.Nf3 Nc6 3.d4 cxd4 4.Nxd4 e6 5.Nc3 a6 6.Be3 Nf6 7.Qd2 Bb4 8.f3 d5
9.a3 Ba5 10.O-O-O e5 11.Nxc6 bxc6 12.b4 d4 13.bxa5 Qe7 14.Nb1 dxe3 15.Qd6 Bd7
16.Bc4 Qxd6 17.Rxd6 Ke7 18.Rd3 e2 19.Rb3 Be6 20.Rb7+ Nd7 21.Bxe2 Rhb8 22.Rxb8
Rxb8 23.Nc3 Nc5 24.Kd2 Rd8+ 25.Ke3 Nb7 26.Bxa6 Nxa5 27.Rb1 Bc4 28.Bxc4 Nxc4+
29.Kf2 Rd2+ 30.Ne2 Rxc2 31.Rb7+ Ke6 32.a4 Nd6 33.Rc7 c5 34.Ke1 Rc4 35.Kd2 Rxa4
36.Rxc5 Rxe4 37.Rc6 Rb4 38.Kc3 Rb1 39.Kc2 Rb4 40.Nc3 Kd7 41.Ra6 Rd4 42.Ra7+
Ke6 43.Ra6 Kd7 44.Ra7+ Kc6 45.Ra6+ Kb7 46.Ra5 Nc4 47.Rc5 Ne3+ 48.Kb3 f6 49.g3
Nf1 50.Nb5 Rd7 51.Rc2 Nd2+ 52.Kb4 Nxf3 53.Kc5 Ne1 54.Ra2 Nd3+ 55.Kc4 Kb6
56.Nc3 Rd4+ {#R} 0-1

[Event "5th POL-HUN Open 2017"]
[Site "Katowice POL"]
[Date "2017.05.20"]
[Round "4.7"]
[White "Gdanski,J"]
[Black "Kumala,A"]
[Result "1-0"]
[WhiteElo "2474"]
[BlackElo "2224"]

1.e4 e5 2.Nf3 Nc6 3.Bb5 a6 4.Bxc6 dxc6 5.O-O Ne7 6.d4 exd4 7.Qxd4 Qxd4 8.Nxd4
c5 9.Ne2 Nc6 10.Nbc3 Bd6 11.Bf4 Be6 12.Bxd6 cxd6 13.Rad1 O-O-O 14.Rd2 Ne7
15.Rfd1 Kc7 16.Nf4 g5 17.Nfd5+ Nxd5 18.Nxd5+ Bxd5 19.Rxd5 f6 20.f3 b5 21.Kf2
Rhe8 22.h4 Re5 23.hxg5 fxg5 24.Rh1 Rd7 25.Rxe5 dxe5 26.Ke2 g4 27.fxg4 Rg7
28.Kf3 Rf7+ 29.Kg3 Rd7 30.g5 c4 31.c3 a5 32.Kg4 Kc6 33.Kf5 Rd2 34.Rxh7 Rxb2
35.g6 Rxg2 36.g7 Kc5 37.Kf6 b4 38.cxb4+ axb4 39.Rh8 Kd4 40.g8=Q Rxg8 41.Rxg8
Kxe4 42.Rb8 Kd3 43.Kxe5 Kc3 44.Kd5 b3 45.a4 {#r} 1-0

[Event "5th POL-HUN Open 2017"]
[Site "Katowice POL"]
[Date "2017.05.20"]
[Round "4.8"]
[White "Tworzydlo,P"]
[Black "Kanarek,M"]
[Result "0-1"]
[WhiteElo "2165"]
[BlackElo "2519"]

1.e4 c5 2.Nf3 Nc6 3.Bb5 e6 4.O-O Nge7 5.Re1 a6 6.Bf1 d5 7.exd5 Nxd5 8.d4 Nf6
9.c3 cxd4 10.cxd4 Be7 11.Nc3 O-O 12.Bg5 b5 13.Rc1 Bb7 14.Bxf6 Bxf6 15.Ne4 Nb4
16.a3 Bxe4 17.Rxe4 Nd5 18.h4 Rc8 19.h5 Qd7 20.Bd3 Rxc1 21.Qxc1 Rc8 22.Qd2 Qc7
23.Re1 Qf4 24.Qa5 Qd6 25.g3 Rc3 26.Bxb5 Rxf3 27.Bxa6 Bxd4 {#R} 0-1

[Event "5th POL-HUN Open 2017"]
[Site "Katowice POL"]
[Date "2017.05.20"]
[Round "4.10"]
[White "Bus,Konrad"]
[Black "Reza,W"]
[Result "0-1"]
[WhiteElo "2229"]
[BlackElo "2258"]

1.d4 Nf6 2.c4 e6 3.g3 d5 4.Bg2 Be7 5.Nf3 O-O 6.Qc2 dxc4 7.Qxc4 a6 8.Qc2 Nc6
9.O-O Bd7 10.Bg5 h6 11.Bxf6 Bxf6 12.Rd1 Qc8 13.a3 Rd8 14.Nc3 Be8 15.e3 g6
16.Rac1 Bg7 17.Ne4 Ra7 18.h4 b6 19.Bh3 Ne7 20.Bg2 Qd7 21.Ne5 Qa4 22.b3 Qxa3
23.Ra1 Qb4 24.Nd3 Qb5 25.Bf1 Qc6 26.Qxc6 Bxc6 27.Nc3 Nd5 28.Nxd5 Bxd5 29.Nb4
Bf3 30.Rd2 c5 31.Nc2 a5 32.Bg2 Bxg2 33.Kxg2 cxd4 34.Nxd4 Rad7 35.Rad1 Bxd4
36.exd4 Rd5 37.Kf3 Kf8 38.Ke4 e5 39.Rc1 exd4 40.Rc6 R8d6 41.Rc8+ Ke7 42.Rd3
Rc5 43.Rb8 Rc1 44.Rf3 Re1+ 45.Kd3 f5 46.h5 Rc1 47.Kd2 Rc5 48.hxg6 Rxg6 49.Rf4
Rd6 50.Rb7+ Kf6 51.Rb8 Rb5 52.Rf3 d3 53.g4 Kg5 54.gxf5 Kg4 55.Rg3+ Kxf5
56.Rf8+ Ke5 57.Re3+ Kd5 58.Rxd3+ Kc6 59.Rxd6+ Kxd6 60.Kc3 Ke7 61.Rh8 h5 62.Rh6
Kf7 63.b4 Rxb4 64.Rxh5 Ke6 65.Rh1 Kd5 66.Rd1+ Kc5 67.Rf1 Rf4 68.Kb3 Rf3+
69.Kb2 b5 70.Kc2 Kc4 71.Kb2 a4 72.Kb1 Kb3 73.Ka1 a3 74.Kb1 b4 75.Ka1 Ka4
76.Ka2 b3+ 77.Ka1 Kb4 78.Kb1 Kc3 79.Rc1+ Kd2 80.Rc8 Rc3 81.Rd8+ Rd3 82.Ra8 Kc3
83.Rc8+ Kd4 84.Rd8+ Ke4 85.Re8+ Kf3 86.Rf8+ Ke2 87.Re8+ Kf1 88.Kc1 b2+ 89.Kc2
Rc3+ 90.Kxc3 b1=Q 91.Kd4 {#R} 0-1

[Event "5th POL-HUN Open 2017"]
[Site "Katowice POL"]
[Date "2017.05.20"]
[Round "4.11"]
[White "Piesik,P"]
[Black "Gumularz,Szymon"]
[Result "0-1"]
[WhiteElo "2337"]
[BlackElo "2391"]

1.Nf3 g6 2.d4 Bg7 3.Nbd2 d6 4.g3 c5 5.dxc5 dxc5 6.Bg2 Nf6 7.O-O O-O 8.e4 Nc6
9.c3 Qc7 10.Qc2 b6 11.Re1 Rd8 12.Nc4 Ba6 13.Bf4 Qb7 14.Qb3 b5 15.Nce5 Nxe5
16.Bxe5 b4 17.c4 Qb6 18.Bxf6 exf6 19.Rad1 Bb7 20.Qe3 Re8 21.Qf4 Rad8 22.Nd2
Rd4 23.Nb3 Rxc4 24.Rd6 Qc7 25.Qd2 Bf8 26.Rd7 Qb6 27.Qd3 Ba6 28.Qd5 Qe6 29.e5
Bc8 30.Rxa7 Rc2 31.Na5 Qxd5 32.Bxd5 Be6 33.Rd1 Rd8 34.Bf3 Rxd1+ 35.Bxd1 Rc1
{#R} 0-1

[Event "5th POL-HUN Open 2017"]
[Site "Katowice POL"]
[Date "2017.05.20"]
[Round "4.12"]
[White "Dmochowska,A"]
[Black "Nasuta,G"]
[Result "0-1"]
[WhiteElo "2138"]
[BlackElo "2454"]

1.e4 c5 2.Nf3 d6 3.c3 Nf6 4.Be2 g6 5.O-O Bg7 6.Re1 O-O 7.Bf1 Bg4 8.h3 Bxf3
9.Qxf3 Nc6 10.d3 Nd7 11.Be3 b5 12.Nd2 b4 13.Rac1 bxc3 14.bxc3 Qa5 15.Nc4 Qxa2
16.Re2 Qa4 17.Rd2 Nde5 18.Nxe5 Nxe5 19.Qg3 Rfc8 20.f4 Nc6 21.Be2 Qa3 22.Rdc2
Rab8 23.Bg4 Rc7 24.Qf2 Rcb7 25.d4 cxd4 26.cxd4 Qxe3 27.Qxe3 Bxd4 28.Qxd4 Nxd4
29.Rc8+ Rxc8 30.Rxc8+ Kg7 31.Ra8 h5 32.Bc8 Rc7 33.Ba6 e5 34.g3 exf4 35.gxf4
Ne6 36.e5 Nxf4 37.exd6 Rd7 38.h4 Rxd6 39.Rxa7 Rd1+ 40.Kf2 Ra1 41.Ra8 Kf6
42.Bb7 Rxa8 43.Bxa8 Ke5 44.Kf3 Ne6 45.Kg3 Nd4 46.Kh3 Nf5 47.Bc6 Kf4 48.Be8 Nd6
49.Bd7 Nc4 50.Be8 Ne5 51.Bb5 Kf3 52.Ba6 f5 53.Bb7+ Kf2 {#R} 0-1

[Event "5th POL-HUN Open 2017"]
[Site "Katowice POL"]
[Date "2017.05.20"]
[Round "4.13"]
[White "Jakubiec,A"]
[Black "Gondzik,D"]
[Result "1-0"]
[WhiteElo "2500"]
[BlackElo "2103"]

1.f4 d5 2.Nf3 c5 3.g3 g6 4.Bg2 Bg7 5.O-O Nc6 6.d3 Nh6 7.e3 O-O 8.c3 b6 9.Qa4
Bb7 10.e4 d4 11.Qd1 dxc3 12.bxc3 Ba6 13.Ne1 Qd7 14.e5 Rad8 15.Qa4 Bb7 16.Nd2
f6 17.Ndf3 Ng4 18.h3 Nh6 19.Rb1 fxe5 20.fxe5 Nxe5 21.Qxa7 Nxf3+ 22.Nxf3 Bxf3
23.Qxd7 Rxd7 24.Bxf3 Rxd3 25.Kg2 Nf5 26.Rxb6 Rxc3 27.Bd2 Ne3+ 28.Bxe3 Rxe3
29.Bd5+ Kh8 30.Rxf8+ Bxf8 31.Rb8 Kg7 32.Kf2 Rd3 33.Bb3 Rc3 34.Be6 Kf6 35.Rb6
Kg7 36.a4 Ra3 37.Ra6 h6 38.Ra8 Kf6 39.Bc4 Kg7 40.a5 e5 41.a6 Ra4 42.a7 {#r}
1-0

[Event "5th POL-HUN Open 2017"]
[Site "Katowice POL"]
[Date "2017.05.20"]
[Round "4.14"]
[White "Socko,M"]
[Black "Kowalczyk,Mariu"]
[Result "1-0"]
[WhiteElo "2481"]
[BlackElo "2038"]

1.d4 Nf6 2.c4 e6 3.Nf3 b6 4.a3 Bb7 5.g3 g6 6.Bg2 Bg7 7.O-O O-O 8.Nc3 Ne4 9.Qc2
Nxc3 10.bxc3 d6 11.e4 Nd7 12.Be3 Qe7 13.Rfe1 e5 14.Bg5 f6 15.Bd2 Qf7 16.Qa4 h6
17.Nh4 f5 18.exf5 Bxg2 19.Kxg2 gxf5 20.Qc6 Rac8 21.Rad1 Nb8 22.Qd5 Qxd5+
23.cxd5 Nd7 24.Bc1 Kh7 25.h3 Rce8 26.c4 Rf7 27.f4 Rff8 28.dxe5 dxe5 29.Bb2
exf4 30.Bxg7 Kxg7 31.Nxf5+ Kg6 32.Nd4 Rxe1 33.Rxe1 fxg3 34.Kxg3 Rf7 35.Nc6 a5
36.Nd8 Rf8 37.Ne6 Rc8 38.Kf4 Kf6 39.Nd4 Nc5 40.Re3 Nb7 41.Re6+ Kg7 42.Nf5+ Kf7
43.Nxh6+ Kg7 44.Nf5+ Kf7 45.h4 Nc5 46.Rc6 Nd3+ 47.Ke3 Ne5 48.Nd6+ {#r} 1-0

[Event "5th POL-HUN Open 2017"]
[Site "Katowice POL"]
[Date "2017.05.20"]
[Round "4.15"]
[White "Zawadzka,J"]
[Black "Sanz Wawer,Daniel"]
[Result "1-0"]
[WhiteElo "2419"]
[BlackElo "2115"]

1.e4 c5 2.Nf3 e6 3.d4 cxd4 4.Nxd4 Nc6 5.Nb5 d6 6.Bf4 e5 7.Be3 Nf6 8.Bg5 Be6
9.Bxf6 gxf6 10.Bd3 Be7 11.O-O Rc8 12.c4 Qd7 13.N1c3 a6 14.Na3 Nd4 15.Rc1 Rg8
16.Kh1 Bh3 17.Rg1 Bg4 18.f3 Be6 19.Ne2 Nxe2 20.Qxe2 f5 21.exf5 Bxf5 22.Nc2
Bxd3 23.Qxd3 Rg6 24.Rcd1 Bg5 25.Nb4 Kf8 26.Nd5 Re8 27.g3 Bh6 28.Nc3 Qh3 29.Ne4
Ree6 30.Qb3 Kg7 31.Qxb7 Be3 32.Rg2 Rh6 33.Re1 {#r} 1-0

[Event "5th POL-HUN Open 2017"]
[Site "Katowice POL"]
[Date "2017.05.20"]
[Round "4.16"]
[White "Bednarek,S"]
[Black "Sanz Losada,V"]
[Result "1-0"]
[WhiteElo "2309"]
[BlackElo "2069"]

1.d4 Nf6 2.Bg5 e6 3.Nc3 h6 4.Bh4 Bb4 5.a3 Bxc3+ 6.bxc3 d5 7.f3 b6 8.e3 Ba6
9.Bd3 Bxd3 10.cxd3 c5 11.Ne2 Nc6 12.Qa4 Qd7 13.dxc5 bxc5 14.Bxf6 gxf6 15.Qh4
f5 16.O-O Qe7 17.Qa4 Rc8 18.Rab1 O-O 19.Nf4 Qg5 20.Rb5 Ne7 21.Re1 Rc7 22.g3 c4
23.d4 h5 24.Qa6 h4 25.Nh3 Qh5 26.Qd6 Rfc8 27.Kg2 Ng6 28.Nf4 Nxf4+ 29.Qxf4 h3+
30.Kf2 Rc6 31.a4 Qg6 32.Reb1 Ra6 33.a5 Qf6 34.g4 Qd8 35.gxf5 Rxa5 36.Rg1+ Kf8
37.Rxa5 Qxa5 38.Qd6+ {#r} 1-0

[Event "5th POL-HUN Open 2017"]
[Site "Katowice POL"]
[Date "2017.05.20"]
[Round "4.17"]
[White "Kruszynski,W"]
[Black "Przezdziecka,E"]
[Result "1-0"]
[WhiteElo "2316"]
[BlackElo "2183"]

1.e4 c5 2.Nf3 Nc6 3.Bb5 d6 4.O-O Bd7 5.Re1 a6 6.Bf1 Bg4 7.h3 Bh5 8.g4 Bg6 9.d4
cxd4 10.Nxd4 h5 11.g5 h4 12.Be3 e5 13.Nxc6 bxc6 14.Nc3 Ne7 15.Bg2 Nc8 16.Qd2
Nb6 17.b3 Be7 18.Rad1 Bh5 19.f3 f6 20.gxf6 gxf6 21.Qf2 Nd7 22.Rd3 Rg8 23.Kh2
Bg6 24.f4 exf4 25.Bxf4 Ne5 26.Rd2 Qc7 27.Na4 O-O-O 28.c4 c5 29.Nc3 Bf7 30.Bxe5
dxe5 31.Nd5 Bxd5 32.Rxd5 Rg3 33.Red1 Rdg8 34.Qf5+ Kb8 35.Bf3 Qc8 36.Rd7 Rd8
37.Qe6 Rxd7 38.Rxd7 Bd8 39.Bg4 Rc3 40.Qd6+ Bc7 41.Qxc5 Rc2+ 42.Kg1 Qb7 43.Qf8+
Ka7 44.c5 Qc6 45.b4 Rc1+ 46.Kf2 a5 47.Qc8 Rc2+ 48.Ke3 Rc3+ 49.Kd2 {#r} 1-0

[Event "5th POL-HUN Open 2017"]
[Site "Katowice POL"]
[Date "2017.05.20"]
[Round "4.27"]
[White "Vodila,Martin Botond"]
[Black "Masternak,A"]
[Result "1-0"]
[WhiteElo "2081"]
[BlackElo "2188"]

1.e4 e5 2.Nc3 Nf6 3.Bc4 Bb4 4.Nge2 Nc6 5.O-O O-O 6.d3 h6 7.a3 Bc5 8.h3 d6
9.Na4 Bb6 10.Nxb6 axb6 11.f4 Be6 12.Bb5 Na7 13.c4 Nxb5 14.cxb5 Qe8 15.Nc3 exf4
16.Bxf4 Nd7 17.d4 f6 18.Qd2 Qg6 19.Rf3 Kh7 20.Rg3 Qh5 21.Rc1 g5 22.Be3 f5
23.exf5 Rxf5 24.Ne4 d5 25.Nf2 Rc8 26.Ng4 Nf6 27.Nxf6+ Rxf6 28.Bf2 Bd7 29.Rgc3
c6 30.Bg3 Rcf8 31.Re3 R8f7 32.bxc6 bxc6 33.Rce1 Bf5 34.Be5 Re6 35.g4 Bxg4
36.hxg4 Qxg4+ 37.Qg2 Qf5 38.Rf1 Qxf1+ 39.Qxf1 Rxf1+ 40.Kxf1 Kg6 41.Rb3 b5
42.Rf3 g4 43.Rf8 c5 44.Rd8 cxd4 45.Bxd4 Kf5 46.Rxd5+ Ke4 47.Rd8 h5 48.Bc3 h4
49.Kg2 Kf5 50.Rf8+ Kg6 51.Rf2 Re3 52.Rd2 Kf5 53.Rd5+ Kg6 54.Rxb5 Re2+ 55.Kf1
Rc2 56.Rb6+ Kg5 57.Re6 h3 58.Kg1 g3 59.Re4 h2+ 60.Kh1 Rc1+ 61.Be1 Kf5 62.Re2
Kf4 63.Kg2 Kg4 64.a4 Rc8 65.a5 Rh8 66.Kh1 Kf3 67.Rg2 {#r} 1-0

[Event "5th POL-HUN Open 2017"]
[Site "Katowice POL"]
[Date "2017.05.20"]
[Round "5.2"]
[White "Kanarek,M"]
[Black "Mastrovasilis,D"]
[Result "1-0"]
[WhiteElo "2519"]
[BlackElo "2580"]

1.e4 c5 2.Nf3 e6 3.d4 cxd4 4.Nxd4 Nc6 5.Nc3 Qc7 6.Be2 Nf6 7.O-O Be7 8.Be3 O-O
9.Kh1 d6 10.f4 Nxd4 11.Qxd4 b6 12.Bf3 Bb7 13.Nb5 Qb8 14.c4 a6 15.Nc3 b5 16.e5
Bxf3 17.Rxf3 Ng4 18.exd6 Bxd6 19.c5 Be7 20.Ne4 Rd8 21.Qc3 b4 22.Qe1 Nxe3
23.Qxe3 Rd5 24.Rc1 Qb5 25.f5 exf5 26.Ng3 Bxc5 27.Qg5 h6 28.Qh5 Rad8 29.Rxf5
Be3 30.Qxf7+ Kh7 31.Re1 R8d7 32.Qe6 Rxf5 33.Nxf5 Bf2 34.Ne7 Rxe7 35.Qxe7 Bxe1
36.Qxe1 Qd3 37.h3 a5 38.b3 Qf5 39.Qe2 Kg6 40.Kh2 Qf4+ 41.g3 Qd4 42.Qa6+ Kf5
43.Qxa5+ Ke4 44.Qa8+ Ke3 45.Qe8+ Kd3 46.Kg2 Qb2+ 47.Kf3 Qxa2 48.Qe4+ Kc3
49.Qc4+ Kb2 50.Qxb4 Qa8+ 51.Ke3 Qe8+ 52.Qe4 Qf8 53.b4 Ka3 54.b5 Qc5+ 55.Qd4
Qg5+ 56.Ke2 Qxb5+ 57.Qd3+ Kb4 58.Qxb5+ Kxb5 59.Kd3 Kc5 60.Ke4 Kd6 61.Kf5 Ke7
62.Kg6 Kf8 63.Kh7 Kf7 64.g4 Kf6 65.h4 h5 66.g5+ Kf7 67.Kh8 {#r} 1-0

[Event "5th POL-HUN Open 2017"]
[Site "Katowice POL"]
[Date "2017.05.20"]
[Round "5.3"]
[White "Heberla,B"]
[Black "Gdanski,J"]
[Result "1-0"]
[WhiteElo "2580"]
[BlackElo "2474"]

1.e4 e6 2.d4 d5 3.Bd3 dxe4 4.Bxe4 Nf6 5.Bf3 c5 6.Ne2 Nc6 7.Be3 e5 8.Bxc6+ bxc6
9.dxe5 Qxd1+ 10.Kxd1 Ng4 11.Nd2 Ba6 12.c4 Rd8 13.Kc2 Nxe5 14.b3 Ng4 15.Nc3
Nxe3+ 16.fxe3 Be7 17.Rad1 O-O 18.Nf3 f6 19.Rxd8 Rxd8 20.Rd1 Rxd1 21.Kxd1 Bc8
22.Ne1 Bf5 23.e4 Bg6 24.Nd3 Bd6 25.h3 Kf7 26.Ke2 Ke6 27.Ke3 f5 28.Na4 fxe4
29.Naxc5+ Bxc5+ 30.Nxc5+ Ke5 31.Nd7+ Kd6 32.Nf8 Kc5 33.Nxg6 hxg6 34.a3 a5
35.Kxe4 a4 36.bxa4 Kxc4 37.h4 c5 38.a5 {#r} 1-0

[Event "5th POL-HUN Open 2017"]
[Site "Katowice POL"]
[Date "2017.05.20"]
[Round "5.4"]
[White "Reza,W"]
[Black "Pakleza,Z"]
[Result "1-0"]
[WhiteElo "2258"]
[BlackElo "2480"]

1.e4 d6 2.d4 Nf6 3.Nc3 c6 4.a4 Nbd7 5.g3 e5 6.Nge2 b6 7.Bg2 a6 8.O-O Bb7 9.d5
cxd5 10.exd5 Be7 11.h3 O-O 12.g4 Ne8 13.f4 Rc8 14.Ng3 exf4 15.Bxf4 Bg5 16.Qd2
Bxf4 17.Qxf4 Ne5 18.Rae1 Rc4 19.Re4 Rxe4 20.Bxe4 Qh4 21.Kg2 g6 22.b3 Nc7
23.Qe3 Nd7 24.Qf4 Qe7 25.Bf3 Rc8 26.Qd2 Ne5 27.Nge4 b5 28.g5 Ne8 29.axb5 axb5
30.Nxb5 Nxf3 31.Kxf3 Qd7 32.c4 Qxh3+ 33.Ng3 Ba6 34.Nd4 Qd7 35.Qf4 f5 36.gxf6
Nxf6 37.Kg2 Nxd5 38.Qg5 Ne7 39.Nh5 Qb7+ 40.Kh2 Rf8 41.Rxf8+ Kxf8 42.Ne6+ Ke8
43.Nf6+ {#r} 1-0

[Event "5th POL-HUN Open 2017"]
[Site "Katowice POL"]
[Date "2017.05.20"]
[Round "5.5"]
[White "Mista,A"]
[Black "Nasuta,G"]
[Result "1-0"]
[WhiteElo "2606"]
[BlackElo "2454"]

1.e4 c5 2.Nf3 d6 3.d4 cxd4 4.Nxd4 Nf6 5.Nc3 a6 6.Bg5 Nbd7 7.Bc4 Qb6 8.Bb3 e6
9.Qd2 Be7 10.O-O-O Nc5 11.Rhe1 h6 12.Bh4 Bd7 13.Kb1 Qc7 14.Bg3 O-O 15.e5 dxe5
16.Bxe5 Qc8 17.Qe2 b5 18.a3 Nxb3 19.cxb3 Qb7 20.g4 b4 21.axb4 Qxb4 22.h4 Bb5
23.Qf3 Nd7 24.Ncxb5 Nxe5 25.Rxe5 Rfc8 26.Nc6 Rxc6 27.Qxc6 Rb8 28.Nd4 Bf6
29.Re4 e5 30.g5 hxg5 31.hxg5 Bxg5 32.Rxe5 {#r} 1-0

[Event "5th POL-HUN Open 2017"]
[Site "Katowice POL"]
[Date "2017.05.20"]
[Round "5.6"]
[White "Gumularz,Szymon"]
[Black "Jakubiec,A"]
[Result "1-0"]
[WhiteElo "2391"]
[BlackElo "2500"]

1.Nf3 d6 2.d4 f5 3.g3 Nf6 4.Bg2 g6 5.O-O Bg7 6.Nbd2 O-O 7.Re1 Ne4 8.c3 d5
9.Ne5 c6 10.Nxe4 fxe4 11.f3 Qb6 12.Kh1 exf3 13.exf3 e6 14.Qc2 Nd7 15.Nxd7 Bxd7
16.Bf4 c5 17.dxc5 Qxc5 18.Be5 b5 19.Qd2 Rac8 20.f4 a5 21.a3 Rc6 22.Bxg7 Kxg7
23.Re5 Rb6 24.h4 b4 25.cxb4 axb4 26.Rc1 Qd6 27.Qd4 Kg8 28.h5 bxa3 29.bxa3 Qxa3
30.Rc7 Rb4 31.Qd2 Rb2 32.Qc1 Rfb8 33.Kh2 Qa2 34.Rxd7 Rxg2+ 35.Kh3 Rc2 36.Qg1
Rf2 37.hxg6 hxg6 38.Rg5 Qc2 39.f5 Rxf5 40.Qd4 Qb2 41.Rxg6+ Kf8 42.Qc5+ {#r}
1-0

[Event "5th POL-HUN Open 2017"]
[Site "Katowice POL"]
[Date "2017.05.20"]
[Round "5.7"]
[White "Bednarek,S"]
[Black "Socko,M"]
[Result "1-0"]
[WhiteElo "2309"]
[BlackElo "2481"]

1.d4 Nf6 2.Bg5 e6 3.Nc3 d5 4.e4 Bb4 5.e5 h6 6.Be3 Ne4 7.a3 Bxc3+ 8.bxc3 c5
9.Bd3 Nxc3 10.Qg4 g6 11.dxc5 Nc6 12.Nf3 Qa5 13.O-O Qa4 14.Qxa4 Nxa4 15.Rab1
Nc3 16.Rb3 Ne4 17.Bxe4 dxe4 18.Nd2 Nxe5 19.Bd4 f6 20.Bxe5 fxe5 21.Nxe4 Kd7
22.Rd1+ Kc7 23.Rf3 Rh7 24.Rf8 Rd7 25.Rxd7+ Kxd7 26.Nd6 b5 27.Kf1 a5 28.Ke1 Rb8
29.Kd2 Kc7 30.c4 b4 31.axb4 axb4 32.Rxc8+ Rxc8 33.Nxc8 Kxc8 34.Kc2 Kc7 35.Kb3
Kc6 36.Kxb4 e4 37.g3 h5 38.h4 e5 39.Kb3 Kxc5 40.Kc3 Kd6 41.Kd2 Kc5 42.Ke3 Kxc4
43.Kxe4 {#r} 1-0

[Event "5th POL-HUN Open 2017"]
[Site "Katowice POL"]
[Date "2017.05.20"]
[Round "5.8"]
[White "Kruszynski,W"]
[Black "Zawadzka,J"]
[Result "0-1"]
[WhiteElo "2316"]
[BlackElo "2419"]

1.e4 c5 2.Nf3 d6 3.Bb5+ Nc6 4.O-O Bd7 5.Re1 Nf6 6.c3 a6 7.Bf1 Bg4 8.h3 Bxf3
9.Qxf3 g6 10.d3 Bg7 11.Bg5 O-O 12.Nd2 b5 13.Qe3 Nd7 14.Bh6 e5 15.Bxg7 Kxg7
16.Nf3 Qf6 17.Rad1 Rfe8 18.d4 exd4 19.cxd4 Rad8 20.Rd2 c4 21.b3 d5 22.e5 Qe7
23.Nh2 f5 24.f4 Nf8 25.bxc4 bxc4 26.Rb1 Rb8 27.Rdb2 Ne6 28.Nf3 Qa7 29.Rxb8
Rxb8 30.Rxb8 Qxb8 31.Qa3 Qa7 32.Qd6 Ncxd4 33.Nxd4 Qxd4+ 34.Kh1 Qxf4 35.Bxc4
dxc4 36.Qxe6 c3 37.Qe7+ Kh6 38.g4 Qf1+ 39.Kh2 Qf2+ 40.Kh1 fxg4 41.h4 Qf1+
42.Kh2 Qf4+ 43.Kg2 c2 {#R} 0-1

[Event "5th POL-HUN Open 2017"]
[Site "Katowice POL"]
[Date "2017.05.20"]
[Round "5.9"]
[White "Lewtak,Da"]
[Black "Dors,R"]
[Result "1-0"]
[WhiteElo "2319"]
[BlackElo "2154"]

1.e4 c6 2.d4 d5 3.Nd2 dxe4 4.Nxe4 Bf5 5.Ng3 Bg6 6.h4 h6 7.Nf3 Nd7 8.h5 Bh7
9.Bd3 Bxd3 10.Qxd3 Qc7 11.Bd2 e6 12.O-O-O Ngf6 13.Kb1 O-O-O 14.Ne4 Nxe4
15.Qxe4 Nf6 16.Qe2 c5 17.dxc5 Bxc5 18.Rh4 Rd5 19.Rc4 b5 20.Rc3 b4 21.Rc4 Rhd8
22.Rh1 a5 23.Bf4 Qa7 24.Ne5 Rf8 25.Nd3 Kb7 26.Nxc5+ Rxc5 27.Be3 Rfc8 28.Rxc5
Rxc5 29.Bxc5 Qxc5 30.Qf3+ Kb6 31.Qe3 Qxe3 32.fxe3 Kc5 33.Rf1 Kd6 34.Kc1 Ke7
35.Rh1 Ne4 36.a3 f5 37.axb4 axb4 38.Kb1 e5 39.Ka2 Nc5 40.Rd1 Ke6 41.Rd8 e4
42.g3 {#r} 1-0

[Event "5th POL-HUN Open 2017"]
[Site "Katowice POL"]
[Date "2017.05.20"]
[Round "5.10"]
[White "Piesik,P"]
[Black "Kaczmarek,Ale"]
[Result "1-0"]
[WhiteElo "2337"]
[BlackElo "2363"]

1.Nf3 g6 2.g3 Bg7 3.d4 c5 4.c3 b6 5.Bg2 Bb7 6.O-O cxd4 7.cxd4 Nf6 8.Nc3 O-O
9.a4 Ne4 10.Qb3 Nxc3 11.bxc3 Nc6 12.a5 Ba6 13.axb6 axb6 14.Re1 Na5 15.Qb4 Rc8
16.e4 d6 17.e5 Bc4 18.Bf4 d5 19.e6 f6 20.h4 Rc6 21.Qb1 Qc8 22.h5 gxh5 23.Qf5
Kh8 24.Bh3 Qe8 25.Nh4 Rg8 26.Bg2 Bf8 27.Bf3 Qc8 28.Bxh5 Qa6 29.Re3 Qb5 30.Kg2
Nb3 31.Rh1 Nd2 32.Ng6+ Kg7 33.Bh6+ Kxh6 34.Bg4+ Kg7 35.Rxh7+ Kxh7 36.Nxf8+ Kh6
37.Qh7+ {#r} 1-0

[Event "5th POL-HUN Open 2017"]
[Site "Katowice POL"]
[Date "2017.05.20"]
[Round "5.13"]
[White "Jelonek,M"]
[Black "Przedmojski,R"]
[Result "0-1"]
[WhiteElo "2095"]
[BlackElo "2355"]

1.Nf3 d5 2.g3 c6 3.Bg2 Bf5 4.c4 e6 5.O-O Nd7 6.d3 Ngf6 7.Nbd2 h6 8.b3 a5 9.Bb2
a4 10.Bc3 Be7 11.b4 O-O 12.a3 Re8 13.Re1 Bg4 14.h3 Bxf3 15.Nxf3 Bf8 16.Qc2 e5
17.e3 b5 18.Qb2 Bd6 19.Nh4 Bc7 20.Nf5 Kh7 21.Rad1 g6 22.Nh4 Qe7 23.Rc1 Nb6
24.cxb5 cxb5 25.f4 Nbd7 26.Bd2 Bd6 27.Rc6 Rac8 28.Rec1 Rxc6 29.Rxc6 d4 30.Nf3
dxe3 31.Bxe3 exf4 32.Bxf4 Bxf4 33.gxf4 Qe3+ 34.Qf2 Qxf4 35.Qa7 Kg7 36.Rc7 Re2
37.Rxd7 Nxd7 38.Qxd7 Qg3 39.Qd4+ Kh7 40.Nh4 Re1# 0-1

[Event "5th POL-HUN Open 2017"]
[Site "Katowice POL"]
[Date "2017.05.20"]
[Round "5.14"]
[White "Lewicki,Mir"]
[Black "Dmochowska,A"]
[Result "1-0"]
[WhiteElo "2326"]
[BlackElo "2138"]

1.e4 c5 2.Nf3 Nc6 3.d4 cxd4 4.Nxd4 Nf6 5.Nc3 d6 6.Be2 e5 7.Nb3 Be7 8.O-O O-O
9.Be3 a5 10.Nd2 d5 11.exd5 Nxd5 12.Nxd5 Qxd5 13.Bf3 Qe6 14.c4 a4 15.Qc2 Rd8
16.a3 Nd4 17.Bxd4 Rxd4 18.Bd5 Qf6 19.Rae1 Bf5 20.Be4 Bxe4 21.Rxe4 Qg6 22.Rfe1
Rad8 23.Nf1 Bf6 24.h3 Rc8 25.Nd2 h6 26.Qc3 Rcd8 27.Rxd4 exd4 28.Qb4 Bg5 29.Nf3
Qc2 30.Nxg5 hxg5 31.Qb6 Rf8 32.Qxd4 Rc8 33.Qg4 Rf8 34.Re2 Qc1+ 35.Kh2 f5
36.Qd4 Rf7 37.g3 f4 38.Qd8+ Rf8 {#r} 1-0